The Office Trivia #A - Statistics

General Stats
  • This quiz has been taken 108 times
  • The average score is 10 of 15
Answer Stats
Hint Answer % Correct
Famously graduated out of Cornell Andy
99%
The third member of this department Angela
99%
Kevin and Oscar are working in this department Accounting
92%
The above has an __ with Dwight Affair
91%
Dwights inofficial title in the series beginning Assistant to the Regional Manager
85%
He gets send to __ __ after punching a wall Anger management
82%
I'm not superstitious, but I am A little stitious
73%
Name of Jans baby Astrid
73%
Name of the company that Jim co-founded Athlead
58%
Hollys boyfriend A.J.
49%
New York is like Scranton on __ Acid
45%
Kevin wants this medical condition covered by Health Insurance Anal fissures
41%
Do you think that doing __ is cool? -Michael Alcohol
33%
What does Ryan ground up and put in Michael's pudding? Aspirin
28%
Michael thinks this ethnicity would have been "too soon" Arabs
17%
No matching quizzes found
Score Distribution
Percent of People with Each Score
Percentile by Number Answered
Your Score History
You have not taken this quiz